00927nam a22002057a 45000010005000000030006000050050017000110080041000280400030000690500015000990820011001141000037001252450046001622600037002083000025002455050008002705200390002785210028006687000025006963677FISKH20240520095420.0240409b cb ||||| |||| 00| 0 eng d aFISK beng cFISK dFISK  aPR2831.A2  a822.33 aShakespeare William d1564-1616  aRomeo and juliet / cWilliam Shakespeare  aNew York : bScholastic, c1969  a126 pages : c18 cm  aNP  aRomeo and Juliet is one of Shakespeare's early tragedies. The two young title characters fall madly in love, but are the children of feuding houses whose hatred for each other works to a devastating end. The play was immensely popular in Shakespeare's lifetime and is the most enduring of his plays along with Hamlet. Romeo and Juliet is considered one of the archetypal love stories. 8 aEstimates, bLexile NP  aWilliam Shakespeare